Education law in Malaysia : Principles and practice
| Main Author: | |
|---|---|
| Format: | Book |
| Published: |
Petaling Jaya, Selangor :
Sweet &Maxwell Asia ,
2011
|
| Subjects: |
MARC
| LEADER | 00000cam a2200000 7i4500 | ||
|---|---|---|---|
| 001 | 0000003774 | ||
| 005 | 20110620.0 | ||
| 020 | 0 | 0 | |a 9789675040573 |
| 090 | 0 | 0 | |a 340.02 |b TIE 2011 |
| 100 | 1 | 0 | |a Fatt Hee,Tie |
| 245 | 1 | 0 | |a Education law in Malaysia : |b Principles and practice |c Fatt Heee, Tie |
| 260 | 0 | 0 | |a Petaling Jaya, Selangor : |b Sweet &Maxwell Asia , |c 2011 |
| 300 | |a xxiii, 266 p. ; |c 25 cm. | ||
| 500 | 0 | 0 | |a Includes index |
| 650 | 0 | 0 | |a Cases---Malaysia |
| 650 | 0 | 0 | |a Education law---Malaysia |
| 998 | |a JPSM | ||
| 999 | |a 007627 |b Monograph |c Open Shelf |e Default branch | ||